Statistics for Fred Biletnikoff Award winners

Click here to take the quiz!

General Stats

  • This quiz has been taken 79 times
    (63 since last reset)
  • The average score is 11 of 29

Answer Stats

YearSchoolAnswer% Correct
2019LSUJa'Marr Chase
98%
2020AlabamaDeVonta Smith
94%
2018AlabamaJerry Jeudy
81%
2021PittsburghJordan Addison
81%
2022TennesseeJalin Hyatt
79%
2014AlabamaAmari Cooper
77%
2006Georgia TechCalvin Johnson
71%
2003PittsburghLarry Fitzgerald
63%
1997MarshallRandy Moss
60%
2007Texas TechMichael Crabtree
58%
2008Texas TechMichael Crabtree
58%
2016OklahomaDede Westbrook
48%
2013Oregon StateBrandin Cooks
42%
2011Oklahoma StateJustin Blackmon
42%
2010Oklahoma StateJustin Blackmon
42%
2009Notre DameGolden Tate
40%
2015BaylorCorey Coleman
35%
2017Oklahoma StateJames Washington
27%
2012USCMarqise Lee
17%
2004MichiganBraylon Edwards
15%
2002Michigan StateCharles Rogers
6%
1998Louisiana TechTroy Edwards
4%
1994Penn StateBobby Engram
2%
2000PittsburghAntonio Bryant
0%
2001LSUJosh Reed
0%
1996WyomingMarcus Harris
0%
2005Oregon StateMike Hass
0%
1995Ohio StateTerry Glenn
0%
1999StanfordTroy Walters
0%

Score Distribution

Percentile by Number Answered

Percent of People with Each Score

Your Score History

You have not taken this quiz since the last reset